Central Library OPAC University of Rajshahi

Man unfolding / (Record no. 11752)

MARC details
000 -LEADER
fixed length control field 00759cam a2200277 4500
001 - CONTROL NUMBER
control field 11752
003 - CONTROL NUMBER IDENTIFIER
rucl marc code BD-RjUL
005 - DATE AND TIME OF LATEST TRANSACTION
control field 20211208235157.0
008 - FIXED-LENGTH DATA ELEMENTS--GENERAL INFORMATION
fixed length control field 140127s1972 nyu 000 0 eng d
035 ## - SYSTEM CONTROL NUMBER
System control number (BD-RjUL)
040 ## - CATALOGING SOURCE
Original cataloging agency DLC
Transcribing agency DLC
Modifying agency DLC
-- (BD-RjUL)
Language of cataloging eng
041 ## - LANGUAGE CODE
Language code of text/sound track or separate title eng
082 00 - DEWEY DECIMAL CLASSIFICATION NUMBER
Classification number 301.243
Author mark and year SAM
100 1# - MAIN ENTRY--PERSONAL NAME
Personal name Salk, Jonas,
Dates associated with a name 1914-1995.
9 (RLIN) 36383
245 10 - TITLE STATEMENT
Title Man unfolding /
Statement of responsibility, etc. [by] Jonas Salk.
250 ## - EDITION STATEMENT
Edition statement [1st ed.]
260 ## - PUBLICATION, DISTRIBUTION, ETC. (IMPRINT)
Place of publication, distribution, etc. New York :
Name of publisher, distributor, etc. Harper & Row ,
Date of publication, distribution, etc. 1972
300 ## - PHYSICAL DESCRIPTION
Pagination xix, 118 p. ;
Size 22 cm.
350 ## - PRICE (NR) (BK AM CF MU VM SE) [OBSOLETE]
Price $6.95
490 0# - SERIES STATEMENT
Series statement World perspectives, v. 46
650 #0 - SUBJECT ADDED ENTRY--TOPICAL TERM
Topical term or geographic name as entry element Biology
General subdivision Social aspects.
9 (RLIN) 36384
Topical term or geographic name as entry element Human biology
General subdivision Social aspects.
9 (RLIN) 36385
942 ## - ADDED ENTRY ELEMENTS (KOHA)
Source of classification or shelving scheme Dewey Decimal Classification
Koha item type Books
Holdings
Lost status Source of classification or shelving scheme Damaged status Not for loan Collection code Permanent Location Current Location Shelving location Date acquired Source of acquisition Total Checkouts Full call number Date last seen Copy number Koha item type Cost, normal purchase price
  Dewey Decimal Classification   Not For Loan Non-fiction Central Library, University of Rajshahi Central Library, University of Rajshahi Reading Room 05/07/1976 U.S.I.S Gift   301.243 SAM 1972 27/01/2014 C-1 Books  
  Dewey Decimal Classification     Non-fiction Central Library, University of Rajshahi Central Library, University of Rajshahi   05/07/1976 USIS   301.243 SAM 1972 29/01/2014 C-2 Books 0.00